Les Fleuves du Monde avec Delta - Mort subite - Statistiques

Statistiques générales
  • Ce quiz a été pris 12 fois
  • Le résultat moyen est 5 sur 18
Answers on the Grid
Answers color-coded by a green-red scale on the quiz's grid according to % correct below.
Rhône
Sénégal
Danube
Volga
Dniepr
Mékong
Fleuve Jaune
Gange
Oural
Nil
Niger
Fleuve Rouge
Fly
Amazone
Mississippi
Colorado
Sacramento
Fleuve Rose
Loire
Cameroun
Tamise
Congo
Orange
Amour
Saint-Laurent
Rio Grande
Murray
Tigre
Seine
 
Statistiques - réponses
Réponse % Correct
Nil
64%
Mékong
55%
Mississippi
55%
Danube
45%
Volga
45%
Oural
36%
36%
Rhône
36%
Amazone
27%
Fleuve Jaune
27%
Gange
27%
Fleuve Rouge
18%
Fly
18%
Niger
18%
Sénégal
18%
Colorado
9%
Dniepr
9%
Sacramento
0%
Aucun quiz correspondant
Distribution des résultats
% des personnes avec chaque résultat
Percentile par nombre de réponses
Votre historique - résultats
Vous n’avez pas pris ce quiz